Normal view
MARC view
- بظاظو، إبراهيم، م.مشارك الصرايرة، محمد نايف، م.مشارك الملكاوي،عمر جوابرة
Entry Personal Name
001 - CONTROL NUMBER
- control field: 50937
003 - CONTROL NUMBER IDENTIFIER
- control field: JO-AjAnu
005 - DATE AND TIME OF LATEST TRANSACTION
- control field: 20230606082401.0
008 - FIXED-LENGTH DATA ELEMENTS
- fixed length control field: 230606|| aca||aabn | a|a d
040 ## - CATALOGING SOURCE
- Original cataloging agency: JO-AjAnu
- Transcribing agency: JO-AjAnu
100 ## - HEADING--PERSONAL NAME
- Personal name: بظاظو، إبراهيم، م.مشارك الصرايرة، محمد نايف، م.مشارك الملكاوي،عمر جوابرة
670 ## - SOURCE DATA FOUND
- Source citation: Work cat.: (JO-AjAnu)26037: بظاظو، إبراهيم، م.مشارك الصرايرة، محمد نايف، م.مشارك الملكاوي،عمر جوابرة, author, السياحة البيئية بين النظرية والتطبيق